000 00718nam a2200229Ia 4500
003 OSt
005 20240513113849.0
008 210716s2007 xx 000 0 und d
020 _a0872893298
040 _cAIMIT LIBRARY
041 _aeng
082 _a374.22 MCHH
100 _aMchale, Hank.
_9164228
245 _aActual experience of a ceo :
_bhow to make continous improvement in manufacturing succeed for your company /
_cBy Hank, Mchale.
250 _a1st ed.
260 _c2007.
300 _axxii,160p. ;
_bPB
_c23.5 cm
650 _aCustomer requirements
_9164229
650 _aMajor types of root causes
_9164230
650 _aMajor types of root cases
_9164231
942 _2ddc
_cBK
_e1st
_k374.22 MCHH
999 _c206495
_d206495